[Event "Titled Tuesday intern op 17th Jan Late"]
[Site "Chess.com INT"]
[Date "2023.01.17"]
[Round "2"]
[White "Liu, Kelsey"]
[Black "Gavilan Diaz, Mario"]
[Result "1-0"]
[WhiteElo "1974"]
[BlackElo "2271"]
[PlyCount "79"]
[EventDate "2023.01.17"]
[EventType "swiss (blitz)"]
[EventRounds "11"]
[EventCountry "USA"]
[SourceTitle "CBM 212 Extra"]
[Source "ChessBase"]
[SourceDate "2023.03.31"]
[SourceVersion "1"]
[SourceVersionDate "2023.03.31"]
[SourceQuality "1"]

1. e4 e6 2. d4 d5 3. Nc3 Nf6 4. Bg5 dxe4 5. Nxe4 Be7 6. Bxf6 gxf6 7. Nf3 f5 8. Ng3 c5 9. c3 Nc6 10. Bb5 Qb6 11. Qe2 Bd7 12. 0-0-0 0-0-0 13. d5 Nb8 14. Bc4 Bf6 15. Ne5 Rhe8 16. d6 Bxe5 17. Qxe5 Nc6 18. Qg7 f4 19. Nh5 Rg8 20. Qxf7 Rdf8 21. Qxh7 Ne5 22. Nf6 Qd8 23. Nxg8 Rxg8 24. Bb3 Rxg2 25. Qe4 f3 26. Qxe5 Rxf2 27. Bxe6 Re2 28. Bxd7+ Qxd7 29. Qh8+ Re8 30. Qf6 b6 31. Kb1 Kb7 32. Qxf3+ Kb8 33. Rhf1 Re6 34. Qf7 Qc6 35. Qf8+ Kb7 36. Rf7+ Ka6 37. Re7 Qe4+ 38. Ka1 Qc2 39. Qf1+ Ka5 40. Rb1 1-0

[Event "Titled Tuesday intern op 10th Jan Late"]
[Site "Chess.com INT"]
[Date "2023.01.10"]
[Round "2"]
[White "Gavilan Diaz, Mario"]
[Black "Colivet Gamboa, Julio Cesar"]
[Result "1-0"]
[WhiteElo "2271"]
[BlackElo "1844"]
[PlyCount "41"]
[EventDate "2023.01.10"]
[EventType "swiss (blitz)"]
[EventRounds "11"]
[EventCountry "USA"]
[SourceTitle "EXT 2024"]
[Source "ChessBase"]
[SourceDate "2023.10.10"]
[SourceVersion "1"]
[SourceVersionDate "2023.10.10"]
[SourceQuality "1"]

1. d4 Nf6 2. c4 g6 3. Nc3 Bg7 4. e4 d6 5. f4 0-0 6. Nf3 c5 7. d5 e6 8. Be2 exd5 9. cxd5 Na6 10. 0-0 Nc7 11. a4 b6 12. Nd2 Rb8 13. Nc4 a6 14. Bf3 b5 15. axb5 axb5 16. Na5 Bd7 17. e5 dxe5 18. fxe5 Ng4 19. Bxg4 Bxg4 20. Qxg4 Bxe5 21. Nc6 1-0

[Event "Titled Tuesday intern op 10th Jan Late"]
[Site "Chess.com INT"]
[Date "2023.01.10"]
[Round "3"]
[White "Movahed, Sina"]
[Black "Gavilan Diaz, Mario"]
[Result "1/2-1/2"]
[WhiteElo "2339"]
[BlackElo "2271"]
[PlyCount "81"]
[EventDate "2023.01.10"]
[EventType "swiss (blitz)"]
[EventRounds "11"]
[EventCountry "USA"]
[SourceTitle "EXT 2024"]
[Source "ChessBase"]
[SourceDate "2023.10.10"]
[SourceVersion "1"]
[SourceVersionDate "2023.10.10"]
[SourceQuality "1"]

1. e4 e6 2. d4 d5 3. e5 c5 4. c3 Qb6 5. Nf3 Bd7 6. Be2 Bb5 7. dxc5 Bxc5 8. b4 Be7 9. Be3 Bxe2 10. Qxe2 Qc7 11. 0-0 Nc6 12. Bd4 Nh6 13. Nbd2 Nf5 14. Nb3 0-0 15. Rfd1 a5 16. b5 a4 17. Nbd2 Na5 18. Qd3 Rfc8 19. Rab1 Nc4 20. Kf1 Ba3 21. Nxc4 Qxc4 22. Qxc4 Rxc4 23. Ke2 Rac8 24. Rd3 h5 25. Nd2 R4c7 26. Kd1 Nxd4 27. cxd4 Rc1+ 28. Ke2 Rxb1 29. Nxb1 Bb4 30. Kd1 f6 31. exf6 gxf6 32. Na3 Bxa3 33. Rxa3 Rc4 34. Rd3 Rb4 35. Kc2 Rxb5 36. Rh3 Rb4 37. Kc3 Rc4+ 38. Kd3 Rb4 39. Kc3 Rc4+ 40. Kd3 Rb4 41. Kc3 1/2-1/2

[Event "Titled Tuesday intern op 03rd Jan Early"]
[Site "Chess.com INT"]
[Date "2023.01.03"]
[Round "9"]
[White "Ciuffoletti, Paolo"]
[Black "Gavilan Diaz, Mario"]
[Result "1-0"]
[WhiteElo "2106"]
[BlackElo "2271"]
[PlyCount "101"]
[EventDate "2023.01.03"]
[EventType "swiss (blitz)"]
[EventRounds "11"]
[EventCountry "USA"]
[SourceTitle "EXT 2024"]
[Source "ChessBase"]
[SourceDate "2023.10.10"]
[SourceVersion "1"]
[SourceVersionDate "2023.10.10"]
[SourceQuality "1"]

1. e4 e6 2. d4 d5 3. e5 c5 4. c3 Nc6 5. Nf3 Qb6 6. a3 Nh6 7. b4 cxd4 8. cxd4 Nf5 9. Be3 f6 10. exf6 gxf6 11. Bd3 Nxe3 12. fxe3 Bh6 13. Qe2 0-0 14. Nc3 Bd7 15. 0-0 Ne7 16. Nd1 Rac8 17. Nf2 e5 18. dxe5 Bxe3 19. exf6 Rxf6 20. Kh1 Rcf8 21. Rae1 d4 22. Ne4 Rh6 23. Bc4+ Kh8 24. Ne5 Bf5 25. Ng5 Bxg5 26. Nf7+ Rxf7 27. Bxf7 Be3 28. Qf3 Qd6 29. h3 Bd3 30. Rxe3 dxe3 31. Re1 Rf6 32. Qxe3 Rxf7 33. Rd1 Rf1+ 34. Rxf1 Bxf1 35. Qc3+ Kg8 36. Qf3 Bc4 37. Qg4+ Kf7 38. Qxc4+ Qe6 39. Qf4+ Qf6 40. Qc4+ Kg7 41. Qc7 Qf1+ 42. Kh2 Qf6 43. Qxb7 Qe5+ 44. Kh1 Qe1+ 45. Kh2 Qe5+ 46. Kh1 Kg6 47. Qxa7 Nf5 48. Qb6+ Kg5 49. Qd8+ Kf4 50. Qa5 Ng3+ 51. Kh2 1-0

[Event "Titled Tuesday intern op 03rd Jan Early"]
[Site "Chess.com INT"]
[Date "2023.01.03"]
[Round "8"]
[White "Gavilan Diaz, Mario"]
[Black "Barbot, Pierre"]
[Result "0-1"]
[WhiteElo "2271"]
[BlackElo "2446"]
[PlyCount "78"]
[EventDate "2023.01.03"]
[EventType "swiss (blitz)"]
[EventRounds "11"]
[EventCountry "USA"]
[SourceTitle "EXT 2024"]
[Source "ChessBase"]
[SourceDate "2023.10.10"]
[SourceVersion "1"]
[SourceVersionDate "2023.10.10"]
[SourceQuality "1"]

1. d4 Nf6 2. c4 g6 3. Nc3 d5 4. Nf3 Bg7 5. Bf4 0-0 6. Rc1 c5 7. dxc5 Qa5 8. cxd5 Ne4 9. Be5 Bxe5 10. Nxe5 Nxc3 11. Rxc3 Qxa2 12. Qd2 Rd8 13. Qf4 f6 14. Nd3 Qxd5 15. e4 Qd4 16. Be2 Be6 17. 0-0 Nc6 18. h4 Bf7 19. h5 gxh5 20. Qg3+ Kh8 21. Nf4 Qxe4 22. Re3 Qf5 23. Bf3 Rg8 24. Qh2 Ne5 25. Bxh5 Bxh5 26. Nxh5 Ng4 27. Qh4 Nxe3 28. fxe3 Qg5 29. Qh3 Rg6 30. Nf4 Rh6 31. Qf3 Rg8 32. Rd1 Qh4 33. Rd7 Qe1+ 34. Qf1 Rh1+ 35. Kxh1 Qxf1+ 36. Kh2 Qf2 37. Rxe7 Qg3+ 38. Kg1 h6 39. Nh5 Qxg2# 0-1

[Event "Titled Tuesday intern op 03rd Jan Early"]
[Site "Chess.com INT"]
[Date "2023.01.03"]
[Round "10"]
[White "Gavilan Diaz, Mario"]
[Black "Larina, Marija"]
[Result "1-0"]
[WhiteElo "2271"]
[BlackElo "1948"]
[PlyCount "197"]
[EventDate "2023.01.03"]
[EventType "swiss (blitz)"]
[EventRounds "11"]
[EventCountry "USA"]
[SourceTitle "EXT 2024"]
[Source "ChessBase"]
[SourceDate "2023.10.10"]
[SourceVersion "1"]
[SourceVersionDate "2023.10.10"]
[SourceQuality "1"]

1. d4 f5 2. Nc3 Nf6 3. f3 d5 4. Bg5 e6 5. e4 fxe4 6. fxe4 dxe4 7. Nxe4 Be7 8. Bxf6 Bxf6 9. Qh5+ g6 10. Qh6 Qxd4 11. Bd3 Qxb2 12. Rd1 Bc3+ 13. Ke2 Bg7 14. Qf4 Qe5 15. Qh4 Nc6 16. Nf3 Qa5 17. Rhf1 0-0 18. Neg5 h6 19. Bxg6 Rxf3 20. Nxf3 e5 21. Rd8+ Nxd8 22. Qxd8+ Bf8 23. Qe8 Qa6+ 24. Kf2 Qe6 25. Kg1 Qxe8 26. Bxe8 Bd6 27. Nh4 Bg4 28. Bg6 Rf8 29. Re1 Rf4 30. Be4 c6 31. Ng6 Rf6 32. h3 Bh5 33. Nh4 Kg7 34. Nf5+ Rxf5 35. Bxf5 Kf6 36. g4 Bc5+ 37. Kg2 Bf7 38. Rf1 Bd5+ 39. Be4+ Ke6 40. Re1 b5 41. Kf3 a5 42. Rd1 Bd4 43. Bxd5+ cxd5 44. Rb1 e4+ 45. Ke2 b4 46. Rb3 Bc3 47. a3 Ke5 48. axb4 axb4 49. Rb1 d4 50. Rf1 Bb2 51. Rf8 e3 52. Rf5+ Ke4 53. Rf8 Ke5 54. Re8+ Kf4 55. Rf8+ Kg3 56. Rf3+ Kh4 57. Rf5 Kxh3 58. Rh5+ Kxg4 59. Rxh6 Kf4 60. Rb6 Ke4 61. Rxb4 Bc3 62. Rc4 Kd5 63. Kd3 Ke5 64. Rc5+ Kd6 65. Rc8 Kd5 66. Re8 Kc5 67. Re5+ Kb4 68. Re4 Ka3 69. Rxe3 dxe3 70. Kxc3 e2 71. Kd2 e1Q+ 72. Kxe1 Kb4 73. Kd2 Kc4 74. c3 Kc5 75. Kd3 Kd5 76. c4+ Kc5 77. Kc3 Kc6 78. Kb4 Kb6 79. Kb3 Kc5 80. Kc3 Kc6 81. Kd3 Kd6 82. Kd4 Kc6 83. c5 Kc7 84. Kc3 Kc6 85. Kc4 Kc7 86. Kd5 Kd7 87. Kd4 Kc6 88. Kc4 Kc7 89. Kb4 Kb7 90. Kb5 Kc7 91. c6 Kc8 92. Kc5 Kc7 93. Kd5 Kc8 94. Kd6 Kd8 95. Kc5 Kc7 96. Kb5 Kb8 97. Kb6 Kc8 98. c7 Kd7 99. Kb7 1-0

[Event "Titled Tuesday intern op 03rd Jan Early"]
[Site "Chess.com INT"]
[Date "2023.01.03"]
[Round "3"]
[White "Kopylov, Alexander A"]
[Black "Gavilan Diaz, Mario"]
[Result "1-0"]
[WhiteElo "2397"]
[BlackElo "2271"]
[PlyCount "103"]
[EventDate "2023.01.03"]
[EventType "swiss (blitz)"]
[EventRounds "11"]
[EventCountry "USA"]
[SourceTitle "EXT 2024"]
[Source "ChessBase"]
[SourceDate "2023.10.10"]
[SourceVersion "1"]
[SourceVersionDate "2023.10.10"]
[SourceQuality "1"]

1. e4 e6 2. d4 d5 3. Nd2 c5 4. exd5 Qxd5 5. Ngf3 cxd4 6. Bc4 Qd6 7. 0-0 Nf6 8. Nb3 Nc6 9. Nbxd4 Nxd4 10. Qxd4 Qxd4 11. Nxd4 Bd7 12. Nb5 Rc8 13. Bd3 a6 14. Nc3 Bb4 15. Bd2 0-0 16. a3 Ba5 17. Rfd1 h6 18. Kf1 Rfd8 19. Ke2 Bc6 20. f3 Nd5 21. Nxd5 Rxd5 22. Bxa5 Rxa5 23. c4 Re5+ 24. Kf2 a5 25. b4 b6 26. h4 g5 27. hxg5 hxg5 28. Re1 Rxe1 29. Rxe1 axb4 30. axb4 Kg7 31. Ra1 Ra8 32. Rxa8 Bxa8 33. Be4 Bxe4 34. fxe4 Kf6 35. Ke3 Ke5 36. c5 bxc5 37. b5 Kd6 38. Kd3 Kc7 39. e5 Kb7 40. Kc3 Kc7 41. Kb3 Kb7 42. Kc4 Kb6 43. g4 Kb7 44. Kxc5 Kc7 45. b6+ Kb7 46. Kb5 Kb8 47. Kc6 Kc8 48. b7+ Kb8 49. Kb6 f5 50. exf6 e5 51. f7 e4 52. f8Q# 1-0

[Event "Titled Tuesday intern op 03rd Jan Early"]
[Site "Chess.com INT"]
[Date "2023.01.03"]
[Round "7"]
[White "Kuchava, Ana"]
[Black "Gavilan Diaz, Mario"]
[Result "0-1"]
[WhiteElo "2101"]
[BlackElo "2271"]
[PlyCount "82"]
[EventDate "2023.01.03"]
[EventType "swiss (blitz)"]
[EventRounds "11"]
[EventCountry "USA"]
[SourceTitle "EXT 2024"]
[Source "ChessBase"]
[SourceDate "2023.10.10"]
[SourceVersion "1"]
[SourceVersionDate "2023.10.10"]
[SourceQuality "1"]

1. d4 Nf6 2. Nf3 c5 3. d5 e6 4. c4 exd5 5. cxd5 d6 6. Nc3 g6 7. e4 Bg7 8. Bd3 0-0 9. 0-0 Bg4 10. a4 Nbd7 11. h3 Bxf3 12. Qxf3 Ne5 13. Qd1 Nxd3 14. Qxd3 Re8 15. Bf4 a6 16. Rfe1 Qe7 17. Bg5 h6 18. Bh4 g5 19. Bg3 Nd7 20. Kh2 Ne5 21. Qc2 Ng6 22. Re2 Rab8 23. a5 b5 24. axb6 Rxb6 25. Qd3 Qb7 26. Na4 Rb3 27. Qc2 Be5 28. Ra2 h5 29. Bxe5 Nxe5 30. Nc3 c4 31. Qd2 f6 32. Re3 h4 33. Ne2 Rb8 34. Rxb3 cxb3 35. Ra3 Nc4 36. Qd4 Nxa3 37. bxa3 Qe7 38. Nc3 b2 39. Nb1 Qe5+ 40. Qxe5 fxe5 41. Kg1 Rc8 0-1

[Event "Titled Tuesday intern op 03rd Jan Early"]
[Site "Chess.com INT"]
[Date "2023.01.03"]
[Round "5"]
[White "Vifleemskaia, Svetlana"]
[Black "Gavilan Diaz, Mario"]
[Result "1-0"]
[WhiteElo "1947"]
[BlackElo "2271"]
[PlyCount "83"]
[EventDate "2023.01.03"]
[EventType "swiss (blitz)"]
[EventRounds "11"]
[EventCountry "USA"]
[SourceTitle "EXT 2024"]
[Source "ChessBase"]
[SourceDate "2023.10.10"]
[SourceVersion "1"]
[SourceVersionDate "2023.10.10"]
[SourceQuality "1"]

1. d4 Nf6 2. c4 e6 3. Nc3 Bb4 4. e3 0-0 5. Nge2 c5 6. a3 Ba5 7. dxc5 Bxc3+ 8. Nxc3 Qe7 9. b4 a5 10. Bb2 Nc6 11. b5 Ne5 12. Qd6 Qxd6 13. cxd6 Ng6 14. b6 a4 15. f3 Ra5 16. Nb5 Ne8 17. c5 f5 18. Bc3 Ra8 19. Bc4 Nf6 20. Nc7 Rb8 21. Ke2 Kh8 22. Rhd1 e5 23. Bb5 e4 24. f4 Ng4 25. h3 Nf6 26. Bxa4 Nh4 27. Kf2 Ng6 28. Bb5 Ne8 29. a4 Nxc7 30. bxc7 Ra8 31. a5 Re8 32. g4 fxg4 33. hxg4 Nf8 34. f5 h5 35. Rh1 Kg8 36. Rxh5 g6 37. Rh8+ Kf7 38. Rah1 gxf5 39. gxf5 Ne6 40. fxe6+ Kxe6 41. Rxe8+ Kd5 42. Rh5# 1-0